Nom série avec image - Statistiques

Statistiques générales
  • Ce quiz a été pris 159 fois
  • Le résultat moyen est 9 sur 12
Statistiques - réponses
Par images Réponse % Correct
H
97%
Mercredi
94%
Friends
92%
Malcolm
89%
Stranger Things
89%
Lucifer
80%
HPI
75%
The Big Bang Theory
67%
The Crown
65%
Desperate Housewives
64%
Demain nous appartient
52%
The Office
49%
Aucun quiz correspondant
Distribution des résultats
% des personnes avec chaque résultat
Percentile par nombre de réponses
Votre historique - résultats
Vous n’avez pas pris ce quiz